| 000 | 00414nam a2200169Ia 4500 | ||
|---|---|---|---|
| 008 | 221030s9999 xx 000 0 und d | ||
| 020 | _a007462045 | ||
| 041 | _aEnglish | ||
| 082 |
_a105.23 _bCha |
||
| 100 | _aP. Chandra | ||
| 245 | 0 | _aProjects - Planning, Analysis, Selection, Implementation & Review | |
| 250 | _a4th | ||
| 260 |
_bTMH _aNew Delhi _c2001 |
||
| 300 | _a643 | ||
| 650 | _aManagement | ||
| 942 | _cBK | ||
| 999 |
_c596 _d596 |
||